| Tag |
First Indicator |
Second Indicator |
Subfields |
| LEADER |
00000pam a2200000 a 4500 |
| 001 |
in00001409953 |
| 005 |
20151020070431.0 |
| 008 |
950306s1996 ctua j 000 0 eng |
| 010 |
|
|
|a 95010421
|
| 020 |
|
|
|a 1562946595 (lib. bdg.)
|
| 020 |
|
|
|a 0761300309 (pbk.)
|
| 035 |
|
|
|a (OCoLC)32241454
|
| 035 |
|
|
|9 AHP8891AM
|
| 040 |
|
|
|a DLC
|c DLC
|d UtOrBLW
|
| 049 |
|
|
|a TXAG
|
| 050 |
0 |
0 |
|a S661
|b .G58 1996
|
| 082 |
0 |
0 |
|a 635/.048975
|2 20
|
| 100 |
1 |
|
|a Glaser, Linda.
|
| 245 |
1 |
0 |
|a Compost! :
|b growing gardens from your garbage /
|c by Linda Glaser ; pictures by Anca Hariton.
|
| 264 |
|
1 |
|a Brookfield, Conn. :
|b Millbrook Press,
|c [1996]
|
| 264 |
|
4 |
|c ©1996
|
| 300 |
|
|
|a 1 volume (unpaged) :
|b color illustrations ;
|c 23 cm.
|
| 336 |
|
|
|a text
|b txt
|2 rdacontent
|
| 337 |
|
|
|a unmediated
|b n
|2 rdamedia
|
| 338 |
|
|
|a volume
|b nc
|2 rdacarrier
|
| 650 |
|
0 |
|a Compost
|x Juvenile literature.
|
| 650 |
|
1 |
|a Compost.
|
| 700 |
1 |
|
|a Hariton, Anca,
|e illustrator.
|
| 948 |
|
|
|a c:en
|
| 999 |
|
|
|a MARS
|
| 999 |
f |
f |
|s 25bac5a7-fa6c-3dad-a35d-70eb977604ce
|i 7c5fe5a4-5fbe-39f7-a3f8-8fe0eee89f9e
|t 0
|
| 952 |
f |
f |
|p normal
|a Texas A&M University
|b College Station
|c Sterling C. Evans Library
|d Evans: Curriculum Collection (4th floor)
|t 0
|e S661 .G58 1996
|h Library of Congress classification
|i unmediated -- volume
|m A14822370509
|
| 998 |
f |
f |
|a S661 .G58 1996
|t 0
|l Evans: Curriculum Collection (4th floor)
|